| 000 | 01018nam a2200301Ia 4500 | ||
|---|---|---|---|
| 001 | 57925 | ||
| 003 | IT-RoPAU | ||
| 008 | 130308s9999 xx 000 0 und d | ||
| 040 | _aIT-RoPAU | ||
| 040 | _cIT-RoPAU | ||
| 041 | _aITALIANO | ||
| 100 | _aCremaschi Marzia | ||
| 100 | _gCodice Aut. SPICS: 34492 | ||
| 245 | _aAlla ricerca del regista futuro | ||
| 245 | _bIndustria Dello spot (L')-1987 | ||
| 250 | _a1a ed. | ||
| 260 | _aMILANO | ||
| 260 | _bComunicare | ||
| 260 | _c1987 [1° Ed.:1987 - Ed.Ling.Originale:1987] | ||
| 300 | _a"7 p. (prefazione: no ; testo: 7 [pagine: 28-34])" | ||
| 500 | _aRegisti Pubblicitari. Artigiani dell'Immagine: Terryibbot Regista. Sandro dell'Orco Scenografo. David Deveson Regista. John Nash Regista. Renzo Caroli Truccatore. Gil Taylor Direttore della Fotografia. Daniela Cantoni Costumista. Peter Hampton Scenografo. | ||
| 650 | _aSAGGI DI PUBBLICITA' | ||
| 650 | _eCodice materia Spics: 6211 | ||
| 942 | _cBK | ||
| 957 | _71 | ||
| 999 |
_c48664 _d48664 |
||
| 999 | _bSI | ||
| 999 | _g1 | ||